01609nam a2200385 a 4500001001200000003000800012006001900020007001500039008004100054010001700095020003600112020003500148040002100183035002100204043001200225050002500237082001800262245016800280260004000448300003100488500002900519504005100548533015200599650005100751650006900802650005200871655002900923700002000952700001900972700004500991710002701036710001701063856012601080999001701206ebr10149931CaPaEBRm u cr cn|||||||||040227s2004 dcuab sb 101 0 eng  z 2004004597 z1559630833 (cloth : alk. paper) z1559630841 (pbk. : alk. paper) aCaPaEBRcCaPaEBR a(OCoLC)560176497 an------14aQL737.C2bP36 2004eb04a639.97/9722200aPeople and predatorsh[electronic resource] :bfrom conflict to coexistence /cedited by Nina Fascione, Aimee Delach, Martin E. Smith ; foreword by James A. Estes. aWashington :bIsland Press,cc2004. axvi, 285 p. :bill., maps. a"Defenders of Wildlife." aIncludes bibliographical references and index. aElectronic reproduction.bPalo Alto, Calif. :cebrary,d2013.nAvailable via World Wide Web.nAccess may be limited to ebrary affiliated libraries. 0aCarnivoraxEcologyzNorth AmericavCongresses. 0aCarnivoraxEffect of human beings onzNorth AmericavCongresses. 0aWildlife managementzNorth AmericavCongresses. 7aElectronic books.2local1 aFascione, Nina.1 aDelach, Aimee.1 aSmith, Martin E.q(Martin Edgar),d1955-2 aDefenders of Wildlife.2 aebrary, Inc.40uhttp://site.ebrary.com/lib/rucke/Doc?id=10149931zAn electronic book accessible through the World Wide Web; click to view c94513d94513